<?xml version="1.0" encoding="UTF-8"?>
<collection xmlns="http://www.loc.gov/MARC21/slim">
  <record>
    <leader>00000nam  2200000   4500</leader>
    <controlfield tag="001">INLIS000000000012261</controlfield>
    <controlfield tag="005">20220418081215</controlfield>
    <datafield tag="035" ind1="#" ind2="#">
      <subfield code="a">0010-0422000143</subfield>
    </datafield>
    <datafield tag="245" ind1="1" ind2="#">
      <subfield code="a">GB2S SANGSEL [GERAKAN BERSIH BERSIH SAMPAH SANGATTA SELATAN] UPT KEBERSIHAN KECAMATAN SANGATTA SELATAN DINAS LINGKUNGAN HIDUP KABUPATEN KUTAI TIMUR /</subfield>
      <subfield code="c">ARBAIN, S.E.,M.M.</subfield>
    </datafield>
    <datafield tag="100" ind1=" " ind2="#">
      <subfield code="a">ARBAIN</subfield>
    </datafield>
    <datafield tag="250" ind1="#" ind2="#">
      <subfield code="a">1</subfield>
    </datafield>
    <datafield tag="300" ind1="#" ind2="#">
      <subfield code="a">52 halaman; lampiran :</subfield>
      <subfield code="b">ilustrasi ;</subfield>
      <subfield code="c">30 cm</subfield>
    </datafield>
    <datafield tag="260" ind1="#" ind2="#">
      <subfield code="a">Samarinda :</subfield>
      <subfield code="b">Puslatbang KDOD,</subfield>
      <subfield code="c">2021</subfield>
    </datafield>
    <datafield tag="084" ind1="#" ind2="#">
      <subfield code="a">PKP 242 2021</subfield>
    </datafield>
    <datafield tag="650" ind1="#" ind2="4">
      <subfield code="a">Proyek Perubahan</subfield>
    </datafield>
    <datafield tag="650" ind1="#" ind2="4">
      <subfield code="a">Kepemimpinan Pengawas</subfield>
    </datafield>
    <datafield tag="650" ind1="#" ind2="4">
      <subfield code="a">inovasi kesehatan</subfield>
    </datafield>
    <datafield tag="650" ind1="#" ind2="4">
      <subfield code="a">kebersihan lingkungan</subfield>
    </datafield>
    <datafield tag="650" ind1="#" ind2="4">
      <subfield code="a">pengelolaan sampah</subfield>
    </datafield>
    <datafield tag="600" ind1="#" ind2="4">
      <subfield code="a">pengawasan lingkungan</subfield>
    </datafield>
    <datafield tag="600" ind1="#" ind2="4">
      <subfield code="a">inovasi pemerintah</subfield>
    </datafield>
    <datafield tag="520" ind1="#" ind2="#">
      <subfield code="a">Laporan proyek perubahan ini menjelaskan tentang masalah volume sampah yang belum teratasi secara maksimal dan masih banyaknya masyarakat belum sadar serta peduli akan kebersihan sampah. Proyek perubahan Gerakan Bersih Bersih Sampah Sangata Selatan (GB2S-SANGSEL) merupakan inovasi gerakan peduli kebersihan sampah dengan pengendalian dan pengawasan bersama Lembaga Pemberdayaan Masyarakat (LPM) dan Rukun Tetangga (RT) se Kelurahan Kecamatan Sangata Selatan untuk mengurangi volume produsen sampah lingkungan atau umum  serta meningkatkan kepedulian masyarakat dan warga dalam kebersihan dan pengelolaan sampah.</subfield>
    </datafield>
    <datafield tag="500" ind1="#" ind2="#">
      <subfield code="a">Coach : Veronika Hanna Naibaho&#13;
Penguji : Dr. H. Fitriansyah, ST., MM&#13;
Mentor : Aji Wijaya Effendie, S.Hut</subfield>
    </datafield>
    <datafield tag="990" ind1="#" ind2="#">
      <subfield code="a">PKP/242/2021</subfield>
    </datafield>
  </record>
</collection>
